Cara hidup Islam di kalangan masyarakat Langkawi : suatu kajian di Mukim Kuah, Langkawi Kedah /
Saved in:
| 主要作者: | |
|---|---|
| 格式: | Thesis 图书 |
| 语言: | Malay |
| 主题: | |
| 在线阅读: | http://studentsrepo.um.edu.my/id/eprint/995 |
| 标签: |
添加标签
没有标签, 成为第一个标记此记录!
|
| LEADER | 01387cam a2200325 a 4500 | ||
|---|---|---|---|
| 001 | u716465 | ||
| 003 | SIRSI | ||
| 008 | 060112s2005 my t 000 0 may m | ||
| 040 | |a UMM |d UMA |e rda | ||
| 043 | |a a-my-ke | ||
| 090 | |a BP42 |b A2 UM 2005 Mdsah | ||
| 094 | |a BP42 |b A2 UM 2005 Mdsah | ||
| 100 | 0 | 0 | |a Md. Saufi Abdul Hamid |e author |
| 245 | 1 | 0 | |a Cara hidup Islam di kalangan masyarakat Langkawi : |b suatu kajian di Mukim Kuah, Langkawi Kedah / |c Md. Saufi Bin Abdul Hamid. |
| 264 | 1 | |c 2005. | |
| 264 | 4 | |c 2005. | |
| 300 | |a xx, 192 leaves : |b illustrations ; |c 30 cm. | ||
| 336 | |a text |2 rdacontent | ||
| 337 | |a unmediated |2 rdamedia | ||
| 338 | |a volume |2 rdacarrier | ||
| 500 | |a Diselia oleh Prof Dr Hj Abd Halim Hj Mat Diah | ||
| 500 | |a AIUM. | ||
| 502 | |a Dissertation (M.Usuluddin) -- Jabatan Sejarah dan Tamadun Islam, Akademi Pengajian Islam, Universiti Malaya, 2005. | ||
| 504 | |a Bibliography: leaves 177-183. | ||
| 650 | 0 | |a Muslims |x Religious life |z Kedah |z Langkawi | |
| 710 | 2 | 0 | |a Universiti Malaya. |b Jabatan Sejarah dan Tamadun Islam |
| 856 | 4 | 1 | |u http://studentsrepo.um.edu.my/id/eprint/995 |
| 596 | |a 1 12 | ||
| 999 | |a BP42 A2 UM 2005 MDSAH |w LC |c 1 |i A511627108 |d 20/3/2018 |e 20/3/2018 |f 10/2/2006 |g 1 |l STACKS |m P12ISLAMKL |n 1 |r Y |s Y |t TESIS |u 10/2/2006 | ||
| 999 | |a BP42 A2 UM 2005 MDSAH |w LC |c 1 |i A512501652 |d 1/4/2011 |e 1/4/2011 |f 9/3/2006 |g 1 |l STACKS |m P01UTAMA |n 2 |r Y |s Y |t TESIS |u 3/3/2006 | ||
